Yogi, Babe, and Magic : the complete book of sports nicknames /

Bibliographic Details
Main Author: Phillips, Louis
Other Authors: Holmes, Burnham, 1942-
Format: Book
Language:English
Published: New York : Prentice Hall General Reference, [1994]
Edition:1st ed.
Subjects:

MARC

Tag First Indicator Second Indicator Subfields
LEADER 00000cam a2200000 a 4500
001 in00001237126
005 20151003061139.0
008 930310s1994 nyua 001 0 eng
010 |a  93015170  
020 |a 0671850342 :  |c $12.00 
035 |a (OCoLC)27812514 
035 |9 AGS3643AM 
040 |a DLC  |c DLC  |d TXA  |d UtOrBLW 
049 |a TXAM 
050 0 0 |a GV706.8  |b .P47 1994 
082 0 0 |a 796  |2 20 
100 1 |a Phillips, Louis. 
245 1 0 |a Yogi, Babe, and Magic :  |b the complete book of sports nicknames /  |c Louis Phillips and Burnham Holmes. 
250 |a 1st ed. 
264 1 |a New York :  |b Prentice Hall General Reference,  |c [1994] 
264 4 |c ©1994 
300 |a xv, 334 pages :  |b illustrations ;  |c 22 cm. 
336 |a text  |b txt  |2 rdacontent 
337 |a unmediated  |b n  |2 rdamedia 
338 |a volume  |b nc  |2 rdacarrier 
500 |a Includes index. 
650 0 |a Athletes  |x Nicknames. 
650 0 |a Athletic clubs  |x Names. 
700 1 |a Holmes, Burnham,  |d 1942- 
999 |a MARS 
999 f f |s 2e438314-91b5-3e70-a866-553c95c7962e  |i 3c514b00-d3df-370f-8200-78fe94fac119  |t 0 
952 f f |p ric  |a Texas A&M University  |b Rellis Campus  |c Joint Library Facility  |d Remote Storage  |t 0  |e GV706.8 .P47 1994  |h Library of Congress classification  |i unmediated -- volume  |m A14819730821 
998 f f |a GV706.8 .P47 1994  |t 0  |l Remote Storage